书目信息 |
| 题名: |
富硒作物生产关键技术研究
|
|
| 作者: | 王道波 , 黄维 维著 | |
| 分册: | ||
| 出版信息: | 长春 东北师范大学出版社 2019 |
|
| 页数: | 256页 | |
| 开本: | 24cm | |
| 丛书名: | ||
| 单 册: | ||
| 中图分类: | S31 | |
| 科图分类: | ||
| 主题词: | 硒--Xi--作物--栽培技术--研究 | |
| 电子资源: | ||
| ISBN: | 978-7-5681-5534-2 | |
| 000 | 01078nam0 2200265 45 | |
| 001 | 012001002555 | |
| 005 | 20140101154443.0 | |
| 010 | @a978-7-5681-5534-2@dCNY79.00 | |
| 099 | @aCAL 012019079004 | |
| 100 | @a20190617d2019 em y0chiy50 ea | |
| 101 | 0 | @achi |
| 102 | @aCN@b220000 | |
| 105 | @aak a 000yy | |
| 106 | @ar | |
| 200 | 1 | @a富硒作物生产关键技术研究@Afu xi zuo wu sheng chan guan jian ji shu yan jiu@f王道波, 黄维著 |
| 210 | @a长春@c东北师范大学出版社@d2019 | |
| 215 | @a256页@c图@d24cm | |
| 320 | @a有书目 (第255页) | |
| 330 | @a硒是人体的必需营养元素,缺硒可能导致心脏病、甲状腺机能减退以及免疫力能力减弱等症状。开发富硒食品是农民增收、企业增效和居民受益的朝阳产业,且推广前景广阔,发展潜力巨大。本书以技术为主线,详细地、系统地介绍了富硒作物生产的基本知识,主要内容有富硒果品、富硒蔬菜、富硒食用菌、富硒粮食作物等方面的栽培与生产的关键技术。 | |
| 606 | 0 | @a硒@AXi@x作物@x栽培技术@x研究 |
| 690 | @aS31@v5 | |
| 701 | 0 | @a王道波@Awang dao bo@4维著 |
| 701 | 0 | @a黄维@Ahuang wei@4著 |
| 801 | 0 | @aCN@b北京卓展@c20191020 |
| 905 | @b1203862-5@dS31@e62@f4 | |
| 富硒作物生产关键技术研究/王道波, 黄维著.-长春:东北师范大学出版社,2019 |
| 256页:图;24cm |
| ISBN 978-7-5681-5534-2:CNY79.00 |
| 硒是人体的必需营养元素,缺硒可能导致心脏病、甲状腺机能减退以及免疫力能力减弱等症状。开发富硒食品是农民增收、企业增效和居民受益的朝阳产业,且推广前景广阔,发展潜力巨大。本书以技术为主线,详细地、系统地介绍了富硒作物生产的基本知识,主要内容有富硒果品、富硒蔬菜、富硒食用菌、富硒粮食作物等方面的栽培与生产的关键技术。 |
| ● |
| 相关链接 |
|
|
|
|
正题名:富硒作物生产关键技术研究
索取号:S31/62
 
预约/预借
| 序号 | 登录号 | 条形码 | 馆藏地/架位号 | 状态 | 备注 |
| 1 | 1203862 | 212038622 | 第二样本阅览室/ [索取号:S31/62] | 在馆 | |
| 2 | 1203863 | 212038631 | 第三借阅区/ [索取号:S31/62] | 在馆 | |
| 3 | 1203864 | 212038640 | 第三借阅区/ [索取号:S31/62] | 在馆 | |
| 4 | 1203865 | 212038659 | 第三借阅区/ [索取号:S31/62] | 在馆 |